000 00287nam a22001337a 4500
020 _a978-9388399401
041 _aENG
100 _aFAO -07
245 _aLand and Water Resources Information Systems
260 _aRome
_bFAO
_c1998
300 _a38
650 _aFAO
856 _uFAO (01)
999 _c2373
_d2373